THE STRUCTURE OF LEARNING (Record no. 6718)

MARC details
000 -LEADER
fixed length control field 00391nam a22001697a 4500
003 - CONTROL NUMBER IDENTIFIER
control field OSt
005 - DATE AND TIME OF LATEST TRANSACTION
control field 20210924112150.0
008 - FIXED-LENGTH DATA ELEMENTS--GENERAL INFORMATION
fixed length control field 210924b |||||||| |||| 00| 0 eng d
020 ## - INTERNATIONAL STANDARD BOOK NUMBER
International Standard Book Number 0805826033
040 ## - CATALOGING SOURCE
Transcribing agency HU
082 ## - DEWEY DECIMAL CLASSIFICATION NUMBER
Classification number 153.15/GAR
100 ## - MAIN ENTRY--PERSONAL NAME
Personal name R.AIIEN GARDNER
9 (RLIN) 7061
245 ## - TITLE STATEMENT
Title THE STRUCTURE OF LEARNING
260 ## - PUBLICATION, DISTRIBUTION, ETC.
Place of publication, distribution, etc. AMERICA
Name of publisher, distributor, etc. LEA
Date of publication, distribution, etc. 1998
300 ## - PHYSICAL DESCRIPTION
Extent 361P
942 ## - ADDED ENTRY ELEMENTS (KOHA)
Source of classification or shelving scheme Dewey Decimal Classification
Koha item type Books like text book referance book
Suppress in OPAC No
Holdings
Withdrawn status Lost status Source of classification or shelving scheme Damaged status Not for loan Home library Current library Shelving location Date acquired Total Checkouts Full call number Barcode Date last seen Copy number Price effective from Koha item type
    Dewey Decimal Classification     Social Library Social Library General Stacks 09/24/2021   153.15/GAR SHLIB00000617 09/24/2021 1 09/24/2021 Books like text book referance book
    Dewey Decimal Classification     Social Library Social Library General Stacks 09/24/2021   153.15/GAR SHLIB00000618 09/24/2021 2 09/24/2021 Books like text book referance book